Cost systems for planning, decisions and controls (Record no. 259379)

MARC details
000 -LEADER
fixed length control field 00704nam a2200253Ia 4500
003 - CONTROL NUMBER IDENTIFIER
control field OSt
005 - DATE AND TIME OF LATEST TRANSACTION
control field 20220918214213.0
008 - FIXED-LENGTH DATA ELEMENTS--GENERAL INFORMATION
fixed length control field 220917b |||||||| |||| 00| 0 eng d
037 ## - SOURCE OF ACQUISITION
Terms of availability Textual
040 ## - CATALOGING SOURCE
Original cataloging agency ARTS
Transcribing agency ARTS
Language of cataloging eng
041 ## - LANGUAGE CODE
Source of code eng
Language code of text/sound track or separate title eng
100 ## - MAIN ENTRY--PERSONAL NAME
Personal name Kollaritsch Felix P
9 (RLIN) 130218
245 #0 - TITLE STATEMENT
Title Cost systems for planning, decisions and controls
Remainder of title concepts and techniques
260 ## - PUBLICATION, DISTRIBUTION, ETC.
Place of publication, distribution, etc. Ohio
Name of publisher, distributor, etc. Grid Pub
Date of publication, distribution, etc. 1979
300 ## - PHYSICAL DESCRIPTION
Extent 670p.
Dimensions cm.
490 ## - SERIES STATEMENT
Series statement Grid series in accounting
650 ## - SUBJECT ADDED ENTRY--TOPICAL TERM
Topical term or geographic name entry element ECONOMICS
942 ## - ADDED ENTRY ELEMENTS (KOHA)
Classification part X:8K, L9
Koha item type Textual
Source of classification or shelving scheme Colon Classification (CC)
Holdings
Withdrawn status Lost status Damaged status Not for loan Home library Current library Date acquired Total Checkouts Full call number Barcode Date last seen Price effective from Koha item type
        Arts Library Arts Library 2022-09-18   X:8K L9 AL0710034 2022-09-18 2022-09-18 Textual
Copyright @ Delhi University Library System